|
|
|
|
| LEADER |
00830nam a2200241 a 4500 |
| 001 |
505 |
| 003 |
BD-DhAAL |
| 005 |
20150125121536.0 |
| 008 |
150125s1990 enk 000 0 eng |
| 010 |
|
|
|a 90006430
|
| 020 |
|
|
|a 0077073142 :
|c £18.95
|
| 040 |
|
|
|a DLC
|c DLC
|d DLC
|d BD-DhAAL
|
| 050 |
0 |
0 |
|a HF5549
|b .F695 1990
|
| 082 |
0 |
0 |
|a 658.3
|2 20
|
| 100 |
1 |
|
|a Freemantle, David.
|9 7456
|
| 245 |
1 |
0 |
|a Incredible bosses :
|b the challenge of managing people for incredible results /
|c David Freemantle.
|
| 260 |
|
|
|a London ;
|a New York :
|b McGraw-Hill,
|c c1990.
|
| 300 |
|
|
|a xix, 244 p. ;
|c 23 cm.
|
| 541 |
|
|
|e 505
|
| 650 |
|
0 |
|a Personnel management.
|9 7457
|
| 942 |
|
|
|2 ddc
|c BK
|
| 999 |
|
|
|c 33503
|d 33503
|
| 952 |
|
|
|0 0
|1 0
|2 ddc
|4 0
|6 658_300000000000000_FRE
|7 0
|9 50333
|a SCL
|b SCL
|c GEN
|d 2015-01-25
|l 0
|o 658.3 FRE
|p 3020000505
|r 2015-01-25
|t 1
|w 2015-01-25
|y BK
|